00519nam a2200193 a 4500001001300000003000900013005001700022008004100039020001000080082001500090100001600105245005700121260004200178300000800220500003500228505001000263650003600273700001600309nice12345678IN_TiNIC20260116012710.0050524s1985 cana grp 000 0 eng  ac10000a227.2bHAR aHarlow, R E aSecond Corinthiansb Paul and the Church at Corinth. aCanadabEvery Day Publications c1985 a80p aincludes index and biblioraphy2 aIndex aBible N.T. Epistles Corinthians1 aHarlow, R E